| 000 | 006230000a22001930004500 | ||
|---|---|---|---|
| 090 |
_aAR _b02892 |
||
| 245 | 1 | 0 | _aEffects of management systems on ground-foraging ant diversity in Costa Rica |
| 650 | 1 | 4 |
_aDisturbios antrópicos _993298 |
| 650 | 1 | 4 |
_aHormigas _992499 |
| 650 | 1 | 4 |
_aFragmentación _9150 |
| 650 | 1 | 4 |
_aBosques húmedos tropicales _917491 |
| 651 | 4 |
_lEstación biológica La Selva _pCosta Rica _992749 |
|
| 653 | _fFormicidae | ||
| 041 | 0 | _aInglés | |
| 700 | 1 |
_aPerfecto, Ivette _993146 |
|
| 100 | 1 |
_aRoth, Dana S. _996392 |
|
| 942 | _cARTICULO | ||
| 773 | 1 |
_tEcological Applications _3153 _h3 _q423-436 _d1994 _g4 |
|
| 999 |
_c11952 _d11952 |
||